000 00983npm a2200253 4500
001 5128
003 ES-MaACL
005 20230908151503.0
007 hzrazu bucu
008 891031r19891877cu a a 00010 spa d
080 _a05(729.1) Revista de Cuba
080 _a05(729.1)
245 0 0 _aRevista de Cuba... de Ciencias, Derecho, Literatura y Bellas Artes
_b: [Microforma].
260 _aMadrid :
_bAteneo Cientifico, Literario y Artistico,
_c1989.
300 _a2 carretes de microfilme :
_bnegativo, il. ;
_c16 mm.
500 _aPublicado originalmente: La Habana, La Propaganda Literaria, 1877-1895, periodicidad quincenal y mensual.
500 _aVariante de titulo: Revista Cubana.
505 8 _aCarrete n. 1: 1877 y 1893, 1er. semestre -- Carrete n. 2: 1893, 2o. semestre a 1895, 1er. semestre
650 1 4 _aObras de 1800.
_915662
740 0 _aRevista Cubana.
852 _aES-MaACL
_jMC-5-6
_95245
_cDEPO1
942 _2udc
_cMICROFORMA
999 _c5128
_d5128